Pak Yŏl tʻujaenggi / (Record no. 35322)

MARC details
000 -LEADER
fixed length control field 00923cam a22002651a 4500
001 - CONTROL NUMBER
control field k 62000148
003 - CONTROL NUMBER IDENTIFIER
control field DLC
005 - DATE AND TIME OF LATEST TRANSACTION
control field 20260227111524.0
008 - FIXED-LENGTH DATA ELEMENTS--GENERAL INFORMATION
fixed length control field 070518s1948 ko a 000 0dkor
010 ## - LIBRARY OF CONGRESS CONTROL NUMBER
LC control number k 62000148
040 ## - CATALOGING SOURCE
Original cataloging agency DLC
Transcribing agency DLC
Modifying agency DLC
041 1# - LANGUAGE CODE
Language code of text/sound track or separate title kor
Language code of original jpn
050 00 - LIBRARY OF CONGRESS CALL NUMBER
Classification number DS916.5.P3
Item number F816
066 ## - CHARACTER SETS PRESENT
Alternate G0 or G1 character set $1
100 1# - MAIN ENTRY--PERSONAL NAME
Linkage 880-01
Personal name Fuse, Tatsuji,
Dates associated with a name 1880-1953.
240 10 - UNIFORM TITLE
Uniform title Baku Retsu tōsōki.
Language of a work Korean
245 10 - TITLE STATEMENT
Linkage 880-02
Title Pak Yŏl tʻujaenggi /
Statement of responsibility, etc. Pʻosi Chinchʻi chŏ ; Kang Il-sŏk yŏk.
260 ## - PUBLICATION, DISTRIBUTION, ETC.
Linkage 880-03
Place of publication, distribution, etc. Sŏul :
Name of publisher, distributor, etc. Choyangsa Chʻulpʻansa,
Date of publication, distribution, etc. Tanʼgi 4281 [1948]
300 ## - PHYSICAL DESCRIPTION
Extent 194 p. :
Other physical details ill. ;
Dimensions 19 cm.
600 10 - SUBJECT ADDED ENTRY--PERSONAL NAME
Linkage 880-04
Personal name Pak, Yŏl,
Dates associated with a name 1902-
880 1# - ALTERNATE GRAPHIC REPRESENTATION
Linkage 100-01/$1
a 布施 辰治,
d 1880-1953.
880 10 - ALTERNATE GRAPHIC REPRESENTATION
Linkage 245-02/$1
a 朴 烈 鬪爭記 /
c 布施 辰治 著 ; 姜 一錫 譯.
880 ## - ALTERNATE GRAPHIC REPRESENTATION
Linkage 260-03/$1
a 서울 :
b 朝洋社 出版社,
c 檀紀 4281 [1948]
880 14 - ALTERNATE GRAPHIC REPRESENTATION
Linkage 600-04/$1
a 朴 烈,
d 11902-

No items available.

Powered by Koha